Zámery sociálnej reformy na Slovensku

Trhová, alebo sociálno-trhová ekonomika. Ciele sociálnej politiky Slovenska. Zmena úlohy štátu v sociálnej politike. Systém sociálneho poistenia, nemocenské a dôchodkové poistenie, transformácia.

Salvato in:
Dettagli Bibliografici
Autore principale: Stanek, Vojtech
Natura: Capitolo di libro
Lingua:slovacco
Soggetti:
Tags: Aggiungi Tag
Nessun Tag, puoi essere il primo ad aggiungerne!!

MARC

LEADER 00000naa a2200000 4500
001 r000431
005 20221205091439.2
041 0 |a slo 
044 |a SK 
245 1 0 |a Zámery sociálnej reformy na Slovensku  |c Vojtech Stanek 
520 |a Trhová, alebo sociálno-trhová ekonomika. Ciele sociálnej politiky Slovenska. Zmena úlohy štátu v sociálnej politike. Systém sociálneho poistenia, nemocenské a dôchodkové poistenie, transformácia. 
610 2 0 |a politika sociálna 
610 2 0 |a Slovensko 
610 2 0 |a zabezpečenie sociálne 
610 2 0 |a štát 
610 2 0 |a podpory 
610 2 0 |a pomoc sociálna 
610 2 0 |a služby sociálne 
610 2 0 |a poistenie sociálne 
610 2 0 |a poistenie nemocenské 
610 2 0 |a poistenie dôchodkové 
610 2 0 |a reformy sociálne 
100 1 |a Stanek, Vojtech